Lluitar contra l'atur en l'àmbit local : l'experiència de les entitat locals en el programa de l'FSE de lluita contra l'atur gestionat per la Diputació de Barcelona l'experiència de les entitat locals en el programa de l'FSE de lluita contra l'atur gestionat per la Diputació de Barcelona
ISBN:
84-7794-695-7
Descripción Física:
170 p., taules ; 24 cm
Colección:
Quaderns del Fons Social Europeu ; 7
Materias:
Atur -- Barcelona (Província)
MARC
| LEADER | 00000nam a2200000Ia 4500 | ||
|---|---|---|---|
| 001 | 12703 | ||
| 008 | 160829s2000 xx 000 0 cat d | ||
| 020 | |a 84-7794-695-7 | ||
| 080 | |a S-1-33 | ||
| 245 | |a Lluitar contra l'atur en l'àmbit local : |b l'experiència de les entitat locals en el programa de l'FSE de lluita contra l'atur gestionat per la Diputació de Barcelona | ||
| 260 | |a Barcelona : |b Diputació de Barcelona, |c 2000 | ||
| 300 | |a 170 p., taules ; |c 24 cm | ||
| 490 | |a Quaderns del Fons Social Europeu ; 7 | ||
| 590 | |a Un altre exemplar en castellà: S-1-172 | ||
| 650 | |a Atur |x Barcelona (Província) |9 35618 | ||
| 710 | 1 | |a Barcelona (Catalunya : Província). |b Diputació |9 52408 | |
| 710 | 2 | |a Fons Social Europeu |9 7014 | |
| 901 | |a Arxiu | ||
| 942 | |n 1 | ||
| 952 | |0 0 |1 0 |4 0 |6 S133 |7 1 |9 46994 |a Arxiu |b Arxiu |d 2016-12-01 |l 0 |o S-1-33 |p 12703 |r 2016-12-01 00:00:00 |w 2016-12-01 |y ARXIU | ||
| 999 | |c 50787 |d 50787 | ||